| 000 | 00547nam a2200193Ia 4500 | ||
|---|---|---|---|
| 005 | 20260120132023.0 | ||
| 008 | 008 260114s9999 xx 000 0 eng d | ||
| 020 | _a9781383009224 | ||
| 037 | _aEBOOK | ||
| 040 |
_aCRL _beng _cCRL |
||
| 041 |
_aeng _2eng |
||
| 084 | _qCRL | ||
| 100 |
_aCooper _9933971 |
||
| 245 | 4 | _aThe Long Fifteenth Century Essays for Douglas Gray | |
| 260 |
_bOxford University PressOxford University Press _c2023 |
||
| 856 | _uhttps://academic.oup.com/book/49013 | ||
| 942 | _cEBOOK | ||
| 999 |
_c1525894 _d1525894 |
||